000
00268nam a2200121 a 4500
001
4140
005
20140414132042.0
008
090218s19uu xx 00 eng d
050
_a
BB
_b
N66 2005
100
_a
Rock, Lois
245
_a
Noah and the ark.
999
_c
113875
_d
113875